000 03283cam a2200397 4500500
005 20260329005449.0
041 _afre
042 _adc
100 1 0 _aTabo, André
_eauthor
700 1 0 _aDjidonou, Anselme
_eauthor
700 1 0 _aGansou, Grégoire Magloire
_eauthor
700 1 0 _aMouanga, Alain Maxime
_eauthor
700 1 0 _aGomossa, Sylvain
_eauthor
700 1 0 _aKoutou, Nathalie Agnès
_eauthor
700 1 0 _aTouadera, François
_eauthor
700 1 0 _aDassa, Kolou Simliwa
_eauthor
700 1 0 _aTognidé, Mathieu C.
_eauthor
700 1 0 _aAhyi, René Gualbert
_eauthor
700 1 0 _aSalilou, Saliou
_eauthor
700 1 0 _aCaleb Kette, Grégoire
_eauthor
245 0 0 _aFacteurs Influençant les itinéraires thérapeutiques chez les patients suivis en psychiatrie au CNHU de Bangui
260 _c2016.
500 _a52
520 _ales itinéraires thérapeutiques étaient influencés par les performances du système de santé et les représentations socioculturelles de la maladie. Une étude transversale et descriptive a analysé les itinéraires des patients suivis en psychiatrie à Bangui. Pendant 6 mois, les itinéraires de 479 patients des 2 sexes ont été analysés. Les groupes religieux étaient le 1er recours. La famille était le 1er décideur. Les buts recherchés étaient la guérison et le soulagement. Les raisons de ces choix étaient les croyances, l’accessibilité/la disponibilité du modèle choisi. 27 patients avaient déclaré ignorer l’existence du service de psychiatrie. Les affections chroniques amenaient les patients à des itinéraires multiples. Ceux ayant souffert de pathologies aigues avaient préféré l’itinéraire unique. La gravité de l’affection en cause, le rôle joué par l’entourage et le sens donné à la maladie étaient les autres facteurs d’influence retrouvés. Il y a lieu de les connaître pour une meilleure qualité des soins de santé mentale en Afrique.
520 _aSummary : the rherapeutic pathways were influenced by health System performance and socio-cultural representations of illness. A transversal and descriptive study analyzed the pathways of patients followed in psychiatry in Bangui. For 6 months, the pathways of 479 patients in the 2 sexes were analyzed. Religlous groups were the first resort. The family was the first maker. The objectives were healing and relief. The reasons for these choices were the beliefs. accessibility / availability of the chosen model. 27 patients had reported unaware of Psychiatry. Chronic conditions lead patients to multiple routes. Those who suffered from acute diseases had preferred the single route. The severity of the disease in question, the rôle of the entourage and the meaning given to the disease were other influences found. It is necessary to know them for better quality of mental health care in Africa.
690 _aCulture
690 _aItinéraires thérapeutiques
690 _aPsychiatrie
690 _aSoins
690 _aCare
690 _aCulture
690 _aPsychiatry
690 _aTherapeutic pathways
786 0 _nPsy Cause | 73 | 3 | 2016-01-25 | p. 46-50 | 1245-2394
856 4 1 _uhttps://shs.cairn.info/revue-psy-cause-2016-3-page-46?lang=fr&redirect-ssocas=7080
999 _c1843672
_d1843672